00654cam a22002411 4500001001300000003000400013005001700017008004100034010001700075035002000092040001800112042001200130050001700142100003000159245005900189260001100248300003800259500002800297500001400325500003900339600001700378999001700395sa 65007077 DLC20260227112147.0890609s1965 ii c b 000 0 hino  asa 65007077  a(OCoLC)19844194 aDLCcWaUdDLC apremarc00aB133.C36bP31 aPathak, Sarvanand,d1907-10aCārvākadarśana kī śāstrīya samīkshā. c[1965] a2, 3, 2, 3, 248 p.bport.c23 cm. aAdded t. p. in English. aIn Hindi. aBibliography: p. [1]-3 (4th group)00aCārvāka. c65043d65043